Liedtext - Requiem (alle Teile) - ASP - Statistiken

Allgemein
  • Dieses Quiz wurde 7 mal gespielt
    4 seit der letzten Aktualisierung
  • Das Durchschnittsergebnis liegt bei 672 aus 1037
Antwortstatistiken
Antwort % Korrekt
Eleison
100%
I
100%
in
100%
In
100%
Kyrie
100%
öd
100%
Öl
100%
abgebrannt
67%
alleine
67%
Allen
67%
Alles
67%
alles
67%
als
67%
Als
67%
am
67%
an
67%
and
67%
And
67%
Antwort
67%
anzufeuern
67%
are
67%
Ast
67%
auch
67%
auf
67%
Auf
67%
aus
67%
Baum
67%
Baume
67%
be
67%
because
67%
bedeutet
67%
beendet
67%
before
67%
befreien
67%
Benedictus
67%
bereit
67%
Bin
67%
Bis
67%
bis
67%
bist
67%
Bitte
67%
Brauch
67%
bricht
67%
but
67%
chest
67%
colder
67%
cry
67%
dafür
67%
Dann
67%
das
67%
Das
67%
Dasein
67%
dein
67%
dem
67%
den
67%
der
67%
des
67%
dich
67%
die
67%
Die
67%
dieser
67%
dir
67%
doch
67%
Doch
67%
Donnerhalles
67%
Dort
67%
drängt
67%
du
67%
Du
67%
Dunkel
67%
durch
67%
Durch
67%
durchströmt
67%
Efeu
67%
egal
67%
Egal
67%
eigenen
67%
ein
67%
einen
67%
Einen
67%
einer
67%
Einer
67%
einerlei
67%
einher
67%
eins
67%
endlich
67%
Engel
67%
entreißen
67%
entzwei
67%
er
67%
Erde
67%
erhöht
67%
erlaubt
67%
Erspähte
67%
es
67%
Es
67%
Ewigkeit
67%
Falles
67%
feed
67%
fiel
67%
find
67%
Finger
67%
Flehen
67%
fliegen
67%
fließen
67%
Flügel
67%
Flüsterst
67%
flüstert
67%
Fochten
67%
fort
67%
frei
67%
Freude
67%
fristen
67%
führt
67%
führten
67%
Für
67%
für
67%
"Fürchte
67%
ganz
67%
Ganz
67%
gar
67%
gebeugt
67%
gedrungen
67%
Gefährte
67%
gefallen
67%
gefangen
67%
Geh
67%
Gehst
67%
Geist
67%
Gesang
67%
geschlungen
67%
gesprossen
67%
gilt
67%
ging
67%
Glanz
67%
gleich
67%
Glück
67%
Grenzen
67%
Half
67%
Hältst
67%
Hand
67%
Have
67%
have
67%
heaven
67%
Herrscher
67%
Herz
67%
hier
67%
Horizonts
67%
Hügel
67%
ich
67%
Ich
67%
ihr
67%
ihre
67%
ihrer
67%
im
67%
immer
67%
ins
67%
is
67%
ist
67%
ist:
67%
Ist
67%
Jahr
67%
Kalt
67%
kalte
67%
kalten
67%
kamen
67%
Kamen
67%
Kann
67%
kein
67%
keine
67%
Keiner
67%
Kerze
67%
kleidet
67%
Konzert
67%
Körnchen
67%
kühl
67%
kurzes
67%
lang
67%
längst
67%
lässt
67%
Last
67%
Lauf
67%
laughter
67%
Leben
67%
Lebensuhr
67%
lebtest
67%
Leib
67%
Leid
67%
leiden
67%
leis
67%
letzte
67%
Leuchtest
67%
Licht
67%
Ließ
67%
machst
67%
making
67%
mehr
67%
mein
67%
meine
67%
meinem
67%
meinen
67%
mercy
67%
Messers
67%
mich
67%
Mich
67%
mir
67%
Mir
67%
Mistelzweig
67%
Mit
67%
mit
67%
Mitte
67%
muss
67%
Musst'
67%
must
67%
neuem
67%
nicht
67%
nicht"
67%
nichts
67%
nie
67%
Nimm
67%
nimm
67%
nimmt
67%
no
67%
noch
67%
now
67%
nun
67%
Nun
67%
nunmehr
67%
Nur
67%
nur
67%
ob
67%
Obsidian
67%
of
67%
oh
67%
Oh
67%
ohne
67%
on
67%
ones
67%
Pakt
67%
preisen
67%
Quell
67%
real
67%
Reihen
67%
Reißt
67%
rest
67%
revealed
67%
Rinnt
67%
Ritus
67%
Sache
67%
Sah
67%
samtenen
67%
Sanctus
67%
(Sanctus)
67%
(Sanctus
67%
Sanctus)
67%
Sand
67%
sanft
67%
saw
67%
Schattentanz
67%
scheiden
67%
Schicksal
67%
Schicksals
67%
Schlaf
67%
Schmerz
67%
schneeweiß
67%
Schneide
67%
schon
67%
Schritte
67%
schwarzem
67%
schweigt
67%
see:
67%
Seele
67%
Seenspiegel
67%
sehe
67%
sehr
67%
sein
67%
Seine
67%
seine
67%
Seit
67%
Seiten
67%
selbst
67%
share
67%
shoulder
67%
sich
67%
sie
67%
sie:
67%
siehst
67%
sind
67%
Singen
67%
sitting
67%
sleep
67%
so
67%
So
67%
Solang
67%
Sonnenstrahl
67%
sought
67%
spenden
67%
Spiegel
67%
spricht:
67%
Stamm
67%
stattdessen
67%
Staub
67%
staune
67%
stehe
67%
sterbe
67%
Stimme
67%
Stück
67%
Sturmes
67%
Sturmwolkenmeer
67%
Sturzes
67%
suche
67%
Tag
67%
tears
67%
teilt
67%
the
67%
The
67%
This
67%
thront
67%
tiefsten
67%
tristen
67%
tritt
67%
tust
67%
um
67%
Um
67%
und
67%
Und
67%
unreal
67%
uns
67%
unvergessen
67%
verbannt
67%
verbiegen
67%
vereinen
67%
vergangen
67%
vermessen
67%
vermischt
67%
Vermissten
67%
versprichst:
67%
verwischt
67%
Vögel
67%
voll
67%
vollenden
67%
von
67%
wachs
67%
Während
67%
währt
67%
währte
67%
Wälder
67%
War
67%
war
67%
waren
67%
war's
67%
warst
67%
was
67%
Was
67%
Wasser
67%
We
67%
we
67%
Weg
67%
Weh
67%
weihen
67%
weit
67%
Welt
67%
Weltenlauf
67%
wendet
67%
Wenn
67%
Wesen
67%
Whatever
67%
Wie
67%
wie
67%
wieder
67%
wiederkehrte
67%
will
67%
willingness
67%
Wir
67%
wir
67%
wo
67%
wohnt
67%
Wollte
67%
world
67%
Wusste
67%
you
67%
You
67%
your
67%
Zeit
67%
Zu
67%
zu
67%
Zusammen
67%
zwei
67%
zweit
67%
after
33%
behüten
33%
beraubt
33%
besiegen
33%
betrügen
33%
Bitterkeit
33%
Blut
33%
Brauchst
33%
brichst
33%
darf
33%
Darf
33%
dawn
33%
disappear
33%
emptiness
33%
enden
33%
erneuern
33%
fear
33%
feel
33%
Feuerkreisen
33%
gone
33%
Hast
33%
Herzens
33%
irgendjemanden
33%
Kreislauf
33%
lügst
33%
make
33%
makes
33%
may
33%
meines
33%
morning
33%
Nebel
33%
niemals
33%
perching
33%
sacrifice
33%
Schafen
33%
schauen
33%
schlafen
33%
Schwur
33%
Sollt'
33%
stetig
33%
Stunden
33%
Süße
33%
take
33%
to
33%
träumend
33%
Unerreicht
33%
unter
33%
us
33%
verfolgt
33%
vergossen
33%
wallen
33%
welchen
33%
willst
33%
Wohin
33%
Wolf
33%
Wurd'
33%
Zornes
33%
zum
33%
beteuern
0%
bewachst
0%
break
0%
Bündnis
0%
burn
0%
Denn
0%
dreams
0%
ereilt
0%
falschen
0%
fill
0%
flashes
0%
fliehst
0%
ihren
0%
lust
0%
need
0%
our
0%
passion
0%
Sagst
0%
schien
0%
schweres
0%
strafen
0%
Streben
0%
Suchen
0%
Tausch
0%
vergeudet
0%
wovor
0%
Keine übereinstimmenden Quizze gefunden
Verteilung der Resultate
Anzahl Personen mit jedem Resultat
Perzentil nach korrekt beantworteten Fragen
Ihre Resultats-Entwicklung
Sie haben dieses Quiz seit der letzten Aktualisierung nicht gespielt